| 000 | 00513nam a22001817a 4500 | ||
|---|---|---|---|
| 005 | 20251127091304.0 | ||
| 008 | 251127b |||||||| |||| 00| 0 eng d | ||
| 020 | _a13:978-0-17-650238-3 | ||
| 050 | _aQC 23.P 659 2013 | ||
| 100 | _aALLMANG-ZINKE MARTIN | ||
| 245 | _aPHYSICS FOR THE LIFE SCIENCE | ||
| 250 | _a2nd | ||
| 260 |
_aUNITED STATES OF AMERICA _bNELSON EDUCATION _c2013 |
||
| 300 | _aX,677 | ||
| 500 | _aINCLUDES AN INDEX | ||
| 650 | _ageneral physics textbooks lifer sciences | ||
| 942 |
_2lcc _cBK |
||
| 999 |
_c216300 _d216300 |
||